100 Biggest Cities of Serbia on a Map - Statistics

General Stats
  • This quiz has been taken 1,729 times
  • The average score is 49 of 100
Answers on the Map
Answers color-coded by a green-red scale on the quiz's map according to % correct below.
 
Answer Stats
Population City % Correct
1,197,714 Belgrade [Beograd]
99%
260,438 Novi Sad
96%
178,976 Niš
93%
88,752 Subotica
89%
146,315 Kragujevac
85%
71,462 Novi Pazar
82%
41,814 Sombor
77%
54,091 Leskovac
76%
69,598 Čačak
75%
57,432 Kraljevo
75%
67,129 Zrenjanin
75%
73,401 Pančevo
74%
50,954 Vranje
74%
53,746 Kruševac
71%
34,942 Pirot
71%
28,822 Bor
70%
51,163 Šabac
70%
59,261 Smederevo
70%
56,059 Valjevo
70%
32,084 Kikinda
68%
48,539 Užice
68%
36,764 Sremska Mitrovica
67%
32,448 Zaječar
66%
34,892 Jagodina
65%
42,530 Požarevac
64%
31,946 Vršac
62%
19,515 Loznica
61%
25,476 Bačka Palanka
59%
14,647 Negotin
58%
22,346 Mladenovac
56%
11,930 Bačka Topola
55%
25,380 Obrenovac
54%
27,747 Ruma
54%
12,618 Šid
54%
14,613 Apatin
53%
14,593 Aleksinac
52%
22,349 Paraćin
51%
8,171 Kladovo
50%
27,635 Lazarevac
50%
11,928 Prijepolje
50%
24,450 Inđija
49%
20,892 Vrbas
49%
23,109 Gornji Milanovac
48%
24,627 Prokuplje
48%
16,522 Ćuprija
47%
18,522 Stara Pazova
47%
8,971 Bajina Bašta
46%
51,862 Borča
46%
11,468 Bujanovac
46%
12,362 Požega
46%
14,219 Preševo
46%
12,989 Sjenica
46%
20,345 Smederevska Palanka
46%
11,169 Tutin
46%
22,881 Aranđelovac
45%
19,492 Bečej
45%
13,172 Priboj
45%
14,452 Senta
45%
7,872 Sremski Karlovci
44%
7,456 Bela Crkva
43%
16,115 Nova Pazova
43%
16,350 Knjaževac
42%
14,873 Kula
42%
9,252 Vrnjačka Banja
41%
20,602 Surčin
40%
9,242 Surdulica
40%
18,011 Futog
39%
8,067 Kanjiža
39%
11,765 Kuršumlija
39%
7,542 Nova Varoš
39%
11,240 Ivanjica
38%
17,998 Temerin
37%
13,476 Trstenik
37%
10,967 Novi Bečej
36%
15,621 Petrovaradin
36%
10,496 Srbobran
36%
14,609 Velika Plana
36%
11,623 Kovin
35%
8,154 Grocka
34%
14,924 Vlasotince
33%
8,025 Lebane
32%
7,556 Odžaci
32%
8,967 Barajevo
31%
8,593 Svilajnac
31%
8,741 Kostolac
30%
12,632 Sremska Kamenica
28%
18,849 Veternik
27%
28,483 Kaluđerica
26%
11,067 Kać
25%
19,434 Sremčica
24%
7,705 Dobanovci
23%
8,449 Žabalj
23%
8,519 Padinska Skela
21%
9,278 Laćarak
20%
8,601 Vrčin
20%
10,454 Leštane
19%
8,796 Novi Banovci
19%
10,084 Ripanj
19%
11,859 Ugrinovci
17%
7,894 Veliki Trnovac
15%
No matching quizzes found
Score Distribution
Percent of People with Each Score
Percentile by Number Answered
Your Score History
You have not taken this quiz